000 00718nam a22002297a 4500
003 OSt
005 20260310104012.0
008 100322s2020 dr 000 0 spa d
020 _a9789945095272
040 _aDO-SdBNP
_bspa
_cBNPHU
082 4 _a305.8
_bA162r
_222
100 1 _aAbreu Abreu, José Feliciano,
_937920
245 1 0 _aRacismo, discriminación y aeropuerto /
_cJosé Feliciano Abreu Abreu.
260 _aSanto Domingo :
_bJosé Abreu,
_c2020.
300 _a123 p. :
_c19 cm.
504 _aBibliografía: p. 120-123
590 _aInventariado, 2021/ YL
650 0 _aRacismo
_92279
650 0 _aDiscriminación racial
_92280
910 _aYLOCKWARD/Validado. Control de calidad MFF
942 _2ddc
_cLBS1
999 _c49586
_d49586